Anagrammes de villes belges en énigmes - Statistiques

Statistiques générales
  • Ce quiz a été pris 80 fois
  • Le résultat moyen est 15 sur 33
Statistiques - réponses
Indice Réponse % Correct
Contraire de tard TOT
92%
Jeu, ... et match SET
89%
Se porte au doigt BAGUE
85%
6 en chiffre romain VI
79%
Bruit du revolver PAN
74%
Deux anglais TWO
74%
C'est l'enchanteur MERLIN
72%
Détester HAIR
70%
Au Tennis, il y a le coup droit et le ... REVERS
70%
On peut le faire à une association DON
69%
En direct LIVE
66%
Danse de bal, à deux et d'Argentine TANGO
64%
Mettre un terme ou déclarer terminé (ou l'élément chimique Cl si on oublie le "H") CLORE
57%
Haute qualité d'image HD
49%
Partage ses frontières avec 7 pays, dont l'Afghanistan et la Turquie IRAN
49%
Les Tiktok version Instagram REELS
49%
Pays d'Aubameyang ou de Ondimba, drapeau de couleur vert jaune bleu. GABON
43%
Animal appelé Orignal en Amérique du Nord ELAN
41%
Club de foot, Racing Club de ... LENS
36%
Raccourci de Matchmaking Rating, en 3 lettres MMR
36%
CLORE + HAIR CHARLEROI
34%
REVERS + VI VERVIERS
33%
Processus digestif: le .... intestinal TRANSIT
31%
Deuxième gare la plus fréquentée de Belgique: Gare ... CENTRALE
30%
ELAN + PAN LA PANNE
18%
HD + CENTRALE ANDERLECHT
15%
SET + GABON BASTOGNE
15%
LENS + LIVE NIVELLES
15%
TOT + MERLIN TIRLEMONT
11%
TANGO + MMR GRAMMONT
8%
DON + TRANSIT SAINT-TROND
8%
TWO + REELS WESTERLO
8%
BAGUE + IRAN BEAURAING
5%
Aucun quiz correspondant
Distribution des résultats
% des personnes avec chaque résultat
Percentile par nombre de réponses
Votre historique - résultats
Vous n’avez pas pris ce quiz